TV Show by Doll Quiz Stats

 Plays Quiz Updated Nov 24, 2015

Also try: Movies By Doll
Challenge
Share
Tweet
Score 0/25 Timer 08:00
3 Plays Today
% Correct
Wonder Woman
94.7%
The Flintstones
93.1%
Charlie's Angels
92.4%
Happy Days
91.1%
The Addams Family
90.2%
The X-Files
88.1%
Batman
85.4%
Baywatch
84.8%
Bewitched
84.7%
I Love Lucy
83.5%
I Dream of Jeannie
81%
Gilligan's Island
79.7%
The Dukes of Hazzard
79%
% Correct
Doctor Who
77.1%
Family Matters
76.3%
Hannah Montana
75.6%
Sabrina, the Teenage Witch
75.3%
Mad Men
73.4%
The Drew Carey Show
71.8%
The Beverly Hillbillies
70.2%
The Nanny
69.8%
Mork & Mindy
63.8%
The Flying Nun
49.5%
Lost in Space
48.5%
Beverly Hills, 90210
47.8%

You're not logged in!

Compare scores with friends on all Sporcle quizzes.
OR
Log In

You Might Also Like...

Show Comments

Extras

Top Quizzes Today


Score Distribution

Your Account Isn't Verified!

In order to create a playlist on Sporcle, you need to verify the email address you used during registration. Go to your Sporcle Settings to finish the process.

Report this User

Report this user for behavior that violates our Community Guidelines.

Details: